[Event "AUTO-ADV-4065"]
[Site "http://www.queenalice.com/game.php?id=1541228"]
[Date "2018.9.5"]
[Round "1"]
[White "worldwide"]
[Black "Fabio"]
[Result "0-1"]
[WhiteElo "1907"]
[BlackElo "1914"]

1. Nf3 d5 2. d4 b6 3. e3 Bb7 4. Nc3 e6 5. Bb5+ c6 6. Bd3 Bb4 7. Bd2 Nf6 8. Nb1
Bxd2+ 9. Nbxd2 Ba6 10. Bxa6 Nxa6 11. Ne5 c5 12. c4 O-O 13. dxc5 Nxc5 14. b4 Nce4
15. Nxe4 Nxe4 16. Nc6 Qf6 17. O-O dxc4 18. Qc2 Nc3 19. Ne7+ Kh8 20. Rac1 Nd5 21.
Nxd5 exd5 22. e4 dxe4 23. Qxe4 b5 24. Rfd1 a5 25. Qb7 Rfb8 26. Qd5 axb4 27. Rd2
Rd8 28. Qe4 Re8 29. Qb1 b3 30. axb3 Qf4 31. Rcd1 c3 32. Ra2 Rad8 33. Rxd8 Rxd8
34. g3 Qf3 35. Ra1 Rd2 36. Qf1 c2 0-1

[Event "AUTO-ADV-4065"]
[Site "http://www.queenalice.com/game.php?id=1541229"]
[Date "2018.9.5"]
[Round "1"]
[White "Fabio"]
[Black "NickThorp"]
[Result "1-0"]
[WhiteElo "1957"]
[BlackElo "1650"]

1. d4 d5 2. Nf3 Bg4 3. e3 e6 4. Nc3 Bb4 5. Bd2 Nf6 6. Qe2 O-O 7. O-O-O Ne4 8. h3
Bh5 9. g4 Bg6 10. Nxe4 Bxe4 11. Bxb4 Re8 12. Rh2 Nc6 13. Bc3 Qd6 14. Ng5 Bg6 15.
f4 h6 16. f5 exf5 17. gxf5 Bxf5 18. Nf3 a6 19. h4 Bg4 20. Bh3 Bxf3 21. Qxf3 Qxh2
22. Rf1 f6 23. Qf5 Rxe3 24. Bg4 Rae8 25. Qg6 Qxh4 26. Kd1 Qg5 27. Bh5 Qxg6 28.
Bxg6 R8e7 29. Rg1 b5 30. Bd2 Re2 31. c3 a5 32. Bd3 R2e6 33. Bxh6 g5 34. Bg6 b4
35. Kc2 Re2+ 36. Kd1 Rxb2 37. Rf1 bxc3 38. Rxf6 c2+ 39. Bxc2 Rxa2 40. Rf8# 1-0

[Event "AUTO-ADV-4065"]
[Site "http://www.queenalice.com/game.php?id=1541230"]
[Date "2018.9.5"]
[Round "1"]
[White "NickThorp"]
[Black "Fabio"]
[Result "0-1"]
[WhiteElo "1667"]
[BlackElo "1944"]

1. e4 e5 2. Nf3 f6 3. Bc4 d6 4. Bxg8 Rxg8 5. d3 Nc6 6. Nc3 Bg4 7. h3 Bxf3 8.
Qxf3 Nd4 9. Qh5+ g6 10. Qxh7 Rg7 11. Qh4 Nxc2+ 12. Kd2 Nxa1 13. Nd5 g5 14. Qh5+
Rf7 15. Ke2 Nc2 16. Qh7 Rxh7 17. f3 c6 18. Nc3 d5 19. Kd2 Nd4 20. Ke3 dxe4 21.
dxe4 Qb6 22. Kd3 Rd7 23. Be3 Nf5+ 24. Nd5 Qxe3+ 25. Kc2 Nd4+ 26. Kb1 cxd5 0-1

[Event "AUTO-OPEN-3972"]
[Site "http://www.queenalice.com/game.php?id=1541279"]
[Date "2018.9.5"]
[Round "1"]
[White "Stephanoie"]
[Black "Fabio"]
[Result "0-1"]
[WhiteElo "1719"]
[BlackElo "1937"]

1. Nf3 d5 2. d4 f6 3. e3 Bf5 4. c4 Bxb1 5. Rxb1 Nc6 6. cxd5 Qxd5 7. Be2 O-O-O 8.
a3 g5 9. O-O h5 10. b4 h4 11. h3 e5 12. dxe5 Qe4 13. Qb3 g4 14. Bd3 Rxd3 0-1

[Event "AUTO-OPEN-3972"]
[Site "http://www.queenalice.com/game.php?id=1541303"]
[Date "2018.9.5"]
[Round "1"]
[White "Fabio"]
[Black "maurice91"]
[Result "1/2-1/2"]
[WhiteElo "1930"]
[BlackElo "1989"]

1. d4 d5 2. e3 c5 3. Bb5+ Nd7 4. Nc3 e6 5. Qf3 Nf6 6. Nh3 cxd4 7. exd4 Bd6 8.
Bf4 Qc7 9. Bxd6 Qxd6 10. O-O-O a6 11. Bxd7+ Bxd7 12. g4 O-O-O 13. Ng5 Rhf8 14.
h4 h6 15. Nh3 Kb8 16. g5 Ng8 17. gxh6 Nxh6 18. Rhg1 Nf5 19. Nf4 g6 20. h5 gxh5
21. Nxh5 Qb6 22. Ne2 Bb5 23. c3 Rc8 24. Ng7 Bxe2 25. Qxe2 Nxd4 26. Rxd4 Qxd4 27.
Rg4 Qf6 28. Nh5 Qh6+ 29. Nf4 Qh1+ 30. Kc2 Ka8 31. Nd3 Rc7 32. a3 Rfc8 33. Qd2
Qh7 34. Kb3 Qh8 35. f3 f6 36. Nf4 Rc6 37. Ng6 Qd8 38. Rh4 e5 39. Rh7 d4 40. Ne7
Rb6+ 41. Kc2 Rc5 42. Ng6 Ka7 43. Qh6 d3+ 44. Kd2 Rxb2+ 45. Kc1 Rcb5 46. Rh8 Qc7
47. Qe3+ b6 48. Qxd3 Ra2 49. Nf8 Rc5 50. Rh7 Rxa3 51. Rxc7+ Rxc7 52. Kb2 Rcxc3
53. Qd7+ Kb8 54. Qd6+ Kb7 55. Nd7 Rab3+ 56. Ka2 Ra3+ 57. Kb2 Rab3+ 58. Ka1 Ra3+
59. Kb2 1/2-1/2

[Event "AUTO-OPEN-3972"]
[Site "http://www.queenalice.com/game.php?id=1541304"]
[Date "2018.9.5"]
[Round "1"]
[White "maurice91"]
[Black "Fabio"]
[Result "1-0"]
[WhiteElo "1974"]
[BlackElo "1928"]

1. d4 d5 2. Nf3 Nc6 3. Bf4 f6 4. e3 g5 5. Bg3 Bf5 6. Bd3 Qd7 7. Nbd2 Nb4 8. Bxf5
Qxf5 9. O-O O-O-O 10. c3 Nd3 11. Qa4 Kb8 12. Rab1 h5 13. h4 e5 14. dxe5 Nxe5 15.
hxg5 Nxf3+ 16. Nxf3 fxg5 17. Nd4 Qf6 18. c4 h4 19. Bh2 g4 20. Bf4 h3 21. Ne2 h2+
22. Kh1 Bd6 23. cxd5 Bxf4 24. Nxf4 Ne7 25. Rfd1 Qh4 26. g3 Qg5 27. Rbc1 Qe5 28.
Qc4 Nxd5 29. Rxd5 Rxd5 30. Qxd5 Qxb2 31. Rd1 Kc8 32. Qd7+ 1-0

[Event "AUTO-OPEN-3972"]
[Site "http://www.queenalice.com/game.php?id=1541305"]
[Date "2018.9.5"]
[Round "1"]
[White "Fabio"]
[Black "ulisses67"]
[Result "1-0"]
[WhiteElo "1953"]
[BlackElo "1568"]

1. d4 d5 2. Nf3 Qd6 3. e3 Nc6 4. Bb5 Bd7 5. c3 a6 6. Bxc6 Bxc6 7. Ne5 f6 8. Qh5+
g6 9. Nxg6 hxg6 10. Qxh8 Kf7 11. Qh3 f5 12. a4 f4 13. O-O e6 14. exf4 1-0

[Event "AUTO-OPEN-3972"]
[Site "http://www.queenalice.com/game.php?id=1541306"]
[Date "2018.9.5"]
[Round "1"]
[White "ulisses67"]
[Black "Fabio"]
[Result "0-1"]
[WhiteElo "1566"]
[BlackElo "1955"]

1. e4 e5 2. d4 Nc6 3. d5 Na5 4. Qd2 b6 5. Nf3 f6 6. a3 g6 7. b4 Bh6 8. Qd1 Nb7
9. Nc3 d6 10. Nb5 Bg4 11. c4 f5 12. Bd3 fxe4 13. Be2 exf3 0-1

[Event "AUTO-OPEN-3717"]
[Site "http://www.queenalice.com/game.php?id=1551589"]
[Date "2018.12.3"]
[Round "2"]
[White "bouley"]
[Black "Fabio"]
[Result "0-1"]
[WhiteElo "1953"]
[BlackElo "1969"]

1. e4 e5 2. Nf3 b6 3. Bc4 Nf6 4. d3 g6 5. Nxe5 d5 6. exd5 Nxd5 7. Qf3 Be6 8.
Bb5+ c6 9. Nxc6 Nxc6 10. Bxc6+ Ke7 11. c4 Nb4 12. Bg5+ f6 13. Bxf6+ Kd6 14. Bxd8
Rxd8 15. Ba4 Bg7 16. Nc3 Rhf8 17. Qg3+ Ke7 18. O-O Rxd3 19. Qg5+ Kf7 20. a3 Na6
21. Bc2 Rd4 22. Qg3 Bxc4 23. Rfd1 Kg8 24. Rxd4 Bxd4 25. Kh1 Bxf2 26. Qg4 b5 27.
h3 Nc7 28. Rf1 Bxf1 29. Ne4 Bd4 30. Nd6 Be5 0-1

[Event "AUTO-OPEN-3717"]
[Site "http://www.queenalice.com/game.php?id=1551590"]
[Date "2018.12.3"]
[Round "2"]
[White "Fabio"]
[Black "bouley"]
[Result "1-0"]
[WhiteElo "1946"]
[BlackElo "2016"]

1. d4 Nf6 2. e3 g6 3. b3 Bg7 4. f3 d5 5. Nc3 c6 6. Bb2 O-O 7. Qd2 Nbd7 8. O-O-O
b5 9. g4 h6 10. h4 Nb6 11. g5 hxg5 12. hxg5 Nh7 13. Qh2 Nxg5 14. f4 f6 15. fxg5
Kf7 16. Bg2 f5 17. Nf3 Nd7 18. Nxd5 cxd5 19. Ne5+ Nxe5 20. dxe5 e6 21. Qf4 Bb7
22. e4 Kg8 23. Qh4 Kf7 24. exd5 Qb6 25. dxe6+ Kg8 26. Qh7# 1-0

[Event "AUTO-OPEN-3717"]
[Site "http://www.queenalice.com/game.php?id=1551593"]
[Date "2018.12.3"]
[Round "2"]
[White "clovis"]
[Black "Fabio"]
[Result "1-0"]
[WhiteElo "2116"]
[BlackElo "1966"]

1. e4 e5 2. Bc4 d6 3. Nf3 Nh6 4. d4 Nc6 5. Bxh6 gxh6 6. dxe5 Be6 7. Bxe6 fxe6 8.
exd6 Qxd6 9. Nc3 O-O-O 10. Qxd6 Bxd6 11. O-O-O Bf4+ 12. Kb1 Be5 13. Nxe5 Nxe5
14. f4 Ng4 15. Rxd8+ Rxd8 16. Kc1 Ne3 17. g3 1-0

[Event "AUTO-OPEN-3717"]
[Site "http://www.queenalice.com/game.php?id=1551594"]
[Date "2018.12.3"]
[Round "2"]
[White "Fabio"]
[Black "clovis"]
[Result "0-1"]
[WhiteElo "1956"]
[BlackElo "2099"]

1. d4 d5 2. e3 Bf5 3. Nc3 Nf6 4. f3 e6 5. g4 Nxg4 6. h4 Nf6 7. b3 Bb4 8. Bb2 Qd6
9. Ne2 Nbd7 10. Bh3 Bxh3 11. Rxh3 e5 12. Qd3 e4 13. fxe4 Nxe4 14. Rf3 O-O 15.
O-O-O Rfe8 16. Nb5 Qb6 17. Nf4 a6 18. Nxd5 Qxb5 19. Qxb5 axb5 20. Nxb4 b6 21. a3
Ndf6 22. Rg1 Kh8 23. Nd3 c5 24. d5 c4 25. bxc4 bxc4 26. Bxf6 gxf6 27. Nb4 c3 28.
Kd1 Rxa3 29. Ke2 Ra4 30. Nd3 Ra2 31. Ne1 b5 32. Kd3 b4 33. Rf4 Nc5+ 34. Kd4 Ra5
35. Rxf6 Re4# 0-1

[Event "AUTO-ADV-4065"]
[Site "http://www.queenalice.com/game.php?id=1554416"]
[Date "2018.12.28"]
[Round "2"]
[White "Fabio"]
[Black "worldwide"]
[Result "1/2-1/2"]
[WhiteElo "2000"]
[BlackElo "1867"]

1. d4 g6 2. e3 Bg7 3. b3 d5 4. Nc3 Nh6 5. Bb2 O-O 6. Qd2 Nf5 7. O-O-O c6 8. Kb1
Nd6 9. f4 Bf5 10. Bd3 b5 11. Bxf5 Nxf5 12. e4 dxe4 13. Nxe4 a5 14. d5 Bxb2 15.
Kxb2 Qb6 16. Qf2 Nd7 17. Qxb6 Nxb6 18. dxc6 Rac8 19. Rd3 Rxc6 20. g4 Ng7 21. f5
Rfc8 22. Rc3 b4 23. Rxc6 Rxc6 24. fxg6 hxg6 25. Nf3 a4 26. Rd1 a3+ 27. Kb1 Ne6
28. Nd4 Nxd4 29. Rxd4 Re6 30. c4 f5 31. gxf5 gxf5 32. c5 fxe4 33. cxb6 Rxb6 34.
Rxe4 Kf7 35. h4 Rb5 36. Rg4 Kf6 37. Kc2 Rb8 38. h5 Rh8 39. Rxb4 Rxh5 40. Ra4
Rh2+ 41. Kb1 Rh1+ 42. Kc2 Rh2+ 43. Kb1 Rh1+ 44. Kc2 Rh2+ 45. Kc3 Rxa2 46. b4 e5
47. b5 Rb2 48. Kc4 Rc2+ 49. Kb3 Rb2+ 50. Kc4 a2 51. Ra6+ Kf5 52. b6 a1=Q 53.
Rxa1 Rxb6 54. Rf1+ Ke6 55. Kc5 Rb8 56. Kc4 Rd8 57. Re1 Rd4+ 58. Kc5 Rf4 59. Re2
e4 60. Kd4 Kf5 61. Re1 Rh4 1/2-1/2

[Event "AUTO-ADV-4065"]
[Site "http://www.queenalice.com/game.php?id=1554417"]
[Date "2018.12.28"]
[Round "2"]
[White "worldwide"]
[Black "Fabio"]
[Result "0-1"]
[WhiteElo "1885"]
[BlackElo "1988"]

1. Nf3 f6 2. g3 b6 3. Bg2 Bb7 4. d4 d5 5. O-O Nc6 6. Na3 Qd7 7. e3 Ba6 8. Re1
O-O-O 9. c3 e5 10. dxe5 fxe5 11. b4 e4 12. Nd4 Bd3 13. Bh3 Qxh3 14. Nxc6 Rd6 15.
Ne5 Nh6 16. f3 exf3 17. Nxf3 Be4 18. Rf1 Rf6 19. Qe2 Ng4 20. Ng5 Rxf1+ 0-1

[Event "AUTO-ADV-4065"]
[Site "http://www.queenalice.com/game.php?id=1554420"]
[Date "2018.12.28"]
[Round "2"]
[White "Fabio"]
[Black "Regina1962"]
[Result "1/2-1/2"]
[WhiteElo "1984"]
[BlackElo "2087"]

1. d4 d5 2. g3 Nf6 3. b3 g6 4. Bb2 Bg7 5. Nc3 O-O 6. Qd2 c6 7. O-O-O b5 8. f3 a5
9. e4 dxe4 10. fxe4 a4 11. Kb1 axb3 12. cxb3 b4 13. Na4 Nxe4 14. Qe2 Bf5 15. Ka1
Rxa4 16. bxa4 Qa5 17. g4 Nc3 18. Bxc3 bxc3 19. gxf5 Qxa4 20. Rc1 c2 21. Rxc2
Bxd4+ 22. Kb1 Nd7 23. Nf3 Rb8+ 24. Kc1 Qa3+ 25. Kd2 Qb4+ 26. Kd1 Bf6 27. h4 Nc5
28. Ne5 Qb1+ 29. Rc1 Rd8+ 30. Nd3 Rxd3+ 31. Qxd3 Nxd3 32. Rxb1 Nf2+ 33. Kc2 Nxh1
34. Kd3 Ng3 35. a4 Nxf5 36. Rb4 c5 37. Rc4 Bd4 38. a5 Nd6 39. Rxd4 cxd4 40. a6
Nc8 41. Kxd4 Kf8 42. Bb5 e6 43. Kc5 Ke7 44. Kd4 Kd6 45. Be8 f6 46. h5 gxh5 47.
Bxh5 Na7 48. Ke4 Kc5 49. Bg4 e5 50. Kf5 Kb6 51. Kxf6 e4 52. Kg7 Kxa6 53. Kxh7
Kb5 54. Bf5 e3 55. Bg4 Kc4 56. Kg6 Kd3 57. Kf5 Nb5 58. Kf4 Nd4 59. Kg3 Ke4 60.
Bh5 Nf5+ 61. Kg2 Kf4 62. Bd1 Nh4+ 63. Kh2 Nf3+ 64. Kg2 Ne1+ 65. Kh2 Nd3 66. Kg2
Nf2 67. Bh5 Ng4 68. Kf1 Kf3 69. Ke1 Kf4 70. Ke2 Nf6 71. Bf7 Ne4 72. Bc4 Nd2
1/2-1/2

[Event "AUTO-ADV-4065"]
[Site "http://www.queenalice.com/game.php?id=1554421"]
[Date "2018.12.28"]
[Round "2"]
[White "Regina1962"]
[Black "Fabio"]
[Result "1-0"]
[WhiteElo "2083"]
[BlackElo "1981"]

1. d4 d5 2. c4 e6 3. Nc3 g6 4. Nf3 Nc6 5. Bg5 f6 6. Bh4 b6 7. cxd5 exd5 8. e3
Bb7 9. Bb5 Qd6 10. Bg3 Qd7 11. O-O O-O-O 12. Qa4 Kb8 13. Rfc1 a6 14. Bxa6 Bxa6
15. Qxa6 Nb4 16. Qb5 Qxb5 17. Nxb5 Bd6 18. a3 Nd3 19. Rc2 Bxg3 20. hxg3 c6 21.
Rxc6 Kb7 22. Rc2 Rc8 23. Nd6+ 1-0

[Event "AUTO-MASTER-2890"]
[Site "http://www.queenalice.com/game.php?id=1589458"]
[Date "2019.11.8"]
[Round "1"]
[White "SubRoger"]
[Black "Fabio"]
[Result "1-0"]
[WhiteElo "1953"]
[BlackElo "1995"]

1. e4 e5 2. Nf3 d6 3. Bc4 h6 4. O-O Nf6 5. d4 exd4 6. Nxd4 Be7 7. Nf5 Nxe4 8.
Nxg7+ Kf8 9. Qf3 Bf6 10. Nh5 d5 11. Bd3 Bg5 12. Nc3 Nxc3 13. bxc3 Be6 14. Ba3+
Be7 15. Bb2 Rg8 16. Rfe1 Bg4 17. Qf4 Rg5 18. Ng3 Nc6 19. h4 Bd6 20. Qe3 Rg7 21.
Qxh6 Be5 22. Nf5 Bxf5 23. Bxf5 Bf6 24. Ba3+ Kg8 25. Re3 d4 26. Rg3 1-0

[Event "AUTO-MASTER-2890"]
[Site "http://www.queenalice.com/game.php?id=1589459"]
[Date "2019.11.8"]
[Round "1"]
[White "Fabio"]
[Black "SubRoger"]
[Result "0-1"]
[WhiteElo "1977"]
[BlackElo "1996"]

1. d4 d5 2. e3 g6 3. Nc3 Bg7 4. Nf3 Nf6 5. Be2 O-O 6. O-O c6 7. Na4 Re8 8. c4 e6
9. cxd5 exd5 10. b4 Ne4 11. Nc5 Nd7 12. Bd3 Ndf6 13. Bxe4 Nxe4 14. Nxe4 Rxe4 15.
Nd2 Re8 16. Nb3 Qb6 17. a3 Bf5 18. Nc5 Rab8 19. Na4 Qc7 20. Bb2 Re7 21. Nc5 Rbe8
22. Qa4 b6 23. Na6 Qb7 24. b5 Bd3 0-1

[Event "AUTO-MASTER-2890"]
[Site "http://www.queenalice.com/game.php?id=1589474"]
[Date "2019.11.8"]
[Round "1"]
[White "chessman"]
[Black "Fabio"]
[Result "0-1"]
[WhiteElo "1949"]
[BlackElo "1962"]

1. e4 e5 2. Nf3 d6 3. d4 exd4 4. Nxd4 Nf6 5. Nc3 Be7 6. Be3 O-O 7. f3 c5 8. Nb3
Be6 9. e5 dxe5 10. Qxd8 Rxd8 11. Nxc5 Bxc5 12. Bxc5 b6 13. Bf2 Nc6 14. Be2 Nb4
15. Rc1 Nxa2 16. Nxa2 Bxa2 17. Rd1 Rxd1+ 18. Bxd1 Bc4 19. Be2 Bxe2 20. Kxe2 e4
21. Rd1 exf3+ 22. Kxf3 h6 23. c4 Rc8 24. b3 Rc6 25. h3 Re6 26. b4 Ne4 27. Be1
Ng5+ 28. Kf2 Rf6+ 29. Kg1 Rg6 30. Kh2 Ne6 31. Ra1 Nd4 32. Rxa7 Nc2 33. Bc3 Ne3
34. c5 bxc5 35. Ra2 cxb4 36. Bxb4 f5 37. Bc5 Nf1+ 38. Kg1 Ng3 39. Ra7 Nh5 40.
Rb7 Nf4 0-1

[Event "AUTO-MASTER-2890"]
[Site "http://www.queenalice.com/game.php?id=1589475"]
[Date "2019.11.8"]
[Round "1"]
[White "Fabio"]
[Black "chessman"]
[Result "0-1"]
[WhiteElo "1965"]
[BlackElo "1921"]

1. d4 d5 2. e3 c5 3. dxc5 Qa5+ 4. c3 Qxc5 5. Nf3 e6 6. Be2 Nf6 7. O-O Be7 8. b4
Qc7 9. Bb2 O-O 10. Na3 a5 11. Nb5 Qd8 12. a3 axb4 13. axb4 Rxa1 14. Qxa1 Bd7 15.
Ne5 Nc6 16. Nxd7 Qxd7 17. Nd4 e5 18. Nxc6 bxc6 19. c4 e4 20. cxd5 cxd5 21. b5
Rb8 22. Qa6 h6 23. Bxf6 Bxf6 24. b6 Qb7 25. Rb1 Be5 26. Qxb7 Rxb7 27. Ba6 Rb8
28. b7 Kh7 29. Rc1 f6 30. Rc8 Kg6 31. Rc5 d4 32. exd4 Bxd4 33. Rc4 Be5 34. Rxe4
Bc7 35. Re7 Be5 36. Bd3+ Kh5 37. Rxg7 f5 38. Bxf5 Bxg7 0-1

[Event "AUTO-MASTER-2890"]
[Site "http://www.queenalice.com/game.php?id=1589486"]
[Date "2019.11.8"]
[Round "1"]
[White "Fabio"]
[Black "ratorei"]
[Result "0-1"]
[WhiteElo "1947"]
[BlackElo "2086"]

1. d4 Nf6 2. e3 d5 3. Nc3 Bf5 4. Be2 Nc6 5. a3 e5 6. dxe5 Nxe5 7. Nf3 Nxf3+ 8.
Bxf3 c6 9. O-O Bd6 10. b4 O-O 11. Ne2 Qc7 12. Ng3 Bg6 13. Bb2 Be5 14. Bxe5 Qxe5
15. Qe2 Rfe8 16. c4 dxc4 17. Qxc4 Rad8 18. Rfd1 Qb2 19. Ra2 Rxd1+ 20. Bxd1 Qb1
21. Qe2 Nd5 22. Rd2 Nc3 23. Qf1 f5 24. Qc4+ Nd5 25. Nf1 Bf7 26. Bb3 Rf8 27. Rd1
Qb2 28. Qd3 Qxa3 29. b5 Kh8 30. bxc6 bxc6 31. Rd2 a5 32. Ra2 Qb4 33. Ra4 Qb6 0-1

[Event "AUTO-MASTER-2890"]
[Site "http://www.queenalice.com/game.php?id=1589487"]
[Date "2019.11.8"]
[Round "1"]
[White "ratorei"]
[Black "Fabio"]
[Result "1-0"]
[WhiteElo "2085"]
[BlackElo "1977"]

1. e4 e5 2. Nf3 d6 3. d4 exd4 4. Nxd4 Nf6 5. Nc3 Be7 6. Be2 O-O 7. O-O c5 8. Nb3
Nc6 9. Bg5 a6 10. Re1 b5 11. f3 Qb6 12. Bxf6 Bxf6 13. Nd5 Qd8 14. c3 Be5 15. Qd2
Qh4 16. f4 Bf6 17. Bf3 Bg4 18. Bxg4 Qxg4 19. Nxf6+ gxf6 20. Qxd6 Qe6 21. Qxc5
Rfc8 22. Qh5 Kh8 23. Re3 Rg8 24. Rf1 Rg7 25. Nd4 Nxd4 26. cxd4 Qxa2 27. Re2 Qc4
28. d5 Re8 29. Qf3 f5 30. e5 Rg4 31. g3 1-0